000 00719nam a22002417a 4500
001 8069
003 FISKH
005 20250820125554.0
008 250820b cb ||||| |||| 00| 0 eng d
020 _a9971055775
040 _aFISKH
_beng
_cFISKH
_dFISKH
050 _aPZ7
100 _aKoon, Seow Siew
245 _aCatch the thief /
_cWritten by Seow Siew Koon : Illustrated by Albert Tan
260 _aSingapore :
_bCurriculum Development Institute of Singapore ,
_c1990.
300 _a14 pages :
_bcolor illustrations ;
_c20 cm .
505 _aB
521 8 _a140
_bLexile estimate
521 8 _aB
_bRaz-Plus
700 _aTan, Albert
_eIllustrator
942 _2ddc
_cBK
_n0
999 _c8069
_d8069